Logos de marques de voitures difficiles - Statistiques

Statistiques générales
  • Ce quiz a été pris 244 fois
  • Le résultat moyen est 4 sur 11
Statistiques - réponses
Par images Réponse % Correct
Koenogsegg
93%
Pontiac
73%
Saleen
42%
Lada
31%
Morgan
29%
Ultima
28%
W motor
25%
Donkervoort
16%
Mosler
13%
Gordon murray automotive
6%
GTA Motor
4%
Aucun quiz correspondant
Distribution des résultats
% des personnes avec chaque résultat
Percentile par nombre de réponses
Votre historique - résultats
Vous n’avez pas pris ce quiz